Welcome to the Holygrace Academy Library

Please use search bar below to get started

THE SECRET LIFE OF JAMIE B (Record no. 4996)

MARC details
000 -LEADER
fixed length control field 00317nam a22001337a 4500
020 ## - INTERNATIONAL STANDARD BOOK NUMBER
ISBN 1-84362-390-0
082 ## - DEWEY DECIMAL CLASSIFICATION NUMBER
Classification number 823
Item number WOR/S
100 ## - MAIN ENTRY--AUTHOR NAME
Personal name WORMAN, CERI
245 ## - TITLE STATEMENT
Title THE SECRET LIFE OF JAMIE B
Remainder of title RAPSTAR
260 ## - PUBLICATION, DISTRIBUTION, ETC. (IMPRINT)
Place of publication LONDON
Name of publisher ORCHARD BOOKS
Year of publication 2005
300 ## - PHYSICAL DESCRIPTION
Number of Pages 154
650 ## - SUBJECT ADDED ENTRY--TOPICAL TERM
Topical Term STORY BOOK
Geographic subdivision UNITED KINGDOM
942 ## - ADDED ENTRY ELEMENTS (KOHA)
Koha item type Books
Holdings
Withdrawn status Lost status Collection code Home library Current library Shelving location Date acquired Source of acquisition Full call number Accession Number Koha item type
    Fiction Main Library Main Library SHELF 15B-U,V,W SECTION NOVELS& FICTION 22/03/2014 purchase 823 WOR/S 08067 Books